80s Artist by Song #4 - Statistics

General Stats
  • This quiz has been taken 223 times
  • The average score is 9 of 20
Answer Stats
Hint Answer % Correct
9 to 5 Dolly Parton
89%
If I Could Turn Back Time Cher
73%
The Power of Love Huey Lewis & The News
73%
Jessie's Girl Rick Springfield
73%
Here I Go Again Whitesnake
69%
Running Up That Hill (A Deal With God) Kate Bush
64%
Whip It Devo
59%
Mr. Roboto Styx
50%
La Bamba Los Lobos
48%
Centerfold J. Geils Band
47%
I'm Coming Out Diana Ross
43%
Electric Avenue Eddy Grant
41%
Enjoy the Silence Depeche Mode
40%
You Keep Me Hangin' On Kim Wilde
40%
Tell It To My Heart Taylor Dane
28%
Angel of the Morning Juice Newton
27%
Voices Carry 'Til Tuesday
26%
Tarzan Boy Baltimora
24%
Always Something There to Remind Me Naked Eyes
24%
Rock Steady The Whispers
9%
No matching quizzes found
Score Distribution
Percent of People with Each Score
Percentile by Number Answered
Your Score History
You have not taken this quiz